| 000 -LEADER |
| fixed length control field |
02647cam a2200421 i 4500 |
| 001 - CONTROL NUMBER |
| control field |
21138150 |
| 005 - DATE AND TIME OF LATEST TRANSACTION |
| control field |
20231017103043.0 |
| 008 - FIXED-LENGTH DATA ELEMENTS--GENERAL INFORMATION |
| fixed length control field |
190816t20202020enka 000 0 eng |
| 010 ## - LIBRARY OF CONGRESS CONTROL NUMBER |
| LC control number |
2019031450 |
| 020 ## - INTERNATIONAL STANDARD BOOK NUMBER |
| International Standard Book Number |
9780367149994 |
| 020 ## - INTERNATIONAL STANDARD BOOK NUMBER |
| International Standard Book Number |
9780367150006 |
| 020 ## - INTERNATIONAL STANDARD BOOK NUMBER |
| Canceled/invalid ISBN |
9780429054396 |
| 040 ## - CATALOGING SOURCE |
| Original cataloging agency |
DLC |
| Language of cataloging |
eng |
| Transcribing agency |
DLC |
| Description conventions |
rda |
| Modifying agency |
DLC |
| 042 ## - AUTHENTICATION CODE |
| Authentication code |
pcc |
| 050 00 - LIBRARY OF CONGRESS CALL NUMBER |
| Classification number |
G 155.A1 .M47 2020 |
| 082 00 - DEWEY DECIMAL CLASSIFICATION NUMBER |
| Classification number |
910.68/4 |
| Edition number |
23 |
| 245 00 - TITLE STATEMENT |
| Title |
Tourism, hospitality and digital transformation : |
| Remainder of title |
strategic management aspects / |
| Statement of responsibility, etc. |
edited by Kayhan Tajeddini, Vanessa Ratten and Thorsten Merkle. |
| 250 ## - EDITION STATEMENT |
| Edition statement |
First Edition. |
| 300 ## - PHYSICAL DESCRIPTION |
| Extent |
xxii, 228 pages : |
| Other physical details |
illustrations ; $c 24 cm. |
| 490 0# - SERIES STATEMENT |
| Series statement |
Innovation and technology horizons |
| 504 ## - BIBLIOGRAPHY, ETC. NOTE |
| Bibliography, etc |
Includes bibliographical references and index. |
| 520 ## - SUMMARY, ETC. |
| Summary, etc. |
"Innovation and technological advancements can be disruptive forces especially for conventional business in the hospitality and tourism industries. The book is timely with its critical examination of such forces and how the two industries should strategize and respond to changes effectively. This book examines a wide scope of topics from environmental scanning, formulation, implementation and evaluation to the way managers make strategy choices for better organizational performance. The book illustrates how companies can re-orient their strategies and appraise the effectiveness of the business; its key competitors; and how they should set business goals through various cases, i.e. different types of hospitality and tourism business from traditional hotels to Airbnb and endeavors to provide strategic conceptual theories with real world application through such case studies"-- |
| 650 #0 - SUBJECT ADDED ENTRY--TOPICAL TERM |
| Topical term or geographic name as entry element |
Tourism |
| General subdivision |
Management. |
| 650 #0 - SUBJECT ADDED ENTRY--TOPICAL TERM |
| Topical term or geographic name as entry element |
Tourism |
| General subdivision |
Marketing. |
| 650 #0 - SUBJECT ADDED ENTRY--TOPICAL TERM |
| Topical term or geographic name as entry element |
Tourism |
| General subdivision |
Information technology. |
| 650 #0 - SUBJECT ADDED ENTRY--TOPICAL TERM |
| Topical term or geographic name as entry element |
Hospitality industry |
| General subdivision |
Management. |
| 650 #0 - SUBJECT ADDED ENTRY--TOPICAL TERM |
| Topical term or geographic name as entry element |
Hospitality industry |
| General subdivision |
Marketing. |
| 650 #0 - SUBJECT ADDED ENTRY--TOPICAL TERM |
| Topical term or geographic name as entry element |
Hospitality industry |
| General subdivision |
Information technology. |
| 700 1# - ADDED ENTRY--PERSONAL NAME |
| Personal name |
Tajeddini, Kayhan, |
| Relator term |
editor. |
| 700 1# - ADDED ENTRY--PERSONAL NAME |
| Personal name |
Ratten, Vanessa, |
| Relator term |
editor. |
| 700 1# - ADDED ENTRY--PERSONAL NAME |
| Personal name |
Merkle, Thorsten, |
| Relator term |
editor. |
| 710 2# - ADDED ENTRY--CORPORATE NAME |
| Corporate name or jurisdiction name as entry element |
Routledge (Firm) |
| 776 08 - ADDITIONAL PHYSICAL FORM ENTRY |
| Relationship information |
Online version: |
| Title |
Tourism, hospitality and digital transformation |
| Edition |
First edition. |
| Place, publisher, and date of publication |
London ; New York : Routledge/Taylor & Francis Group, 2020 |
| International Standard Book Number |
9780429054396 |
| Record control number |
(DLC) 2019031451 |
| 830 #0 - SERIES ADDED ENTRY--UNIFORM TITLE |
| Uniform title |
Innovation and technology horizons. |
| 906 ## - LOCAL DATA ELEMENT F, LDF (RLIN) |
| a |
7 |
| b |
cbc |
| c |
orignew |
| d |
1 |
| e |
ecip |
| f |
20 |
| g |
y-gencatlg |
| 942 ## - ADDED ENTRY ELEMENTS (KOHA) |
| Source of classification or shelving scheme |
|
| Koha item type |
Hard Covered Materials |
| Classification part |
G 155.A1 .M47 2020 |